Reproduction in the insects. (Record no. 146528)
[ view plain ]
| 000 -LEADER | |
|---|---|
| fixed length control field | 00995cam7a220027700 4500 |
| 001 - CONTROL NUMBER | |
| control field | tmp15385795 |
| 003 - CONTROL NUMBER IDENTIFIER | |
| control field | UPRA |
| 005 - DATE AND TIME OF LATEST TRANSACTION | |
| control field | 20190823101118.0 |
| 008 - FIXED-LENGTH DATA ELEMENTS--GENERAL INFORMATION | |
| fixed length control field | 950801s1965 stk eng u |
| 035 ## - SYSTEM CONTROL NUMBER | |
| System control number | (Sirsi) r55915 |
| 035 ## - SYSTEM CONTROL NUMBER | |
| System control number | (UPRA)tmp15385795 |
| 040 ## - CATALOGING SOURCE | |
| Transcribing agency | UPRA |
| 100 1# - MAIN ENTRY--PERSONAL NAME | |
| Personal name | Davey, K. G. (Kenneth George) |
| Fuller form of name | Davey, K. G. (Kenneth George) |
| Linkage | A14629.1 |
| 245 10 - TITLE STATEMENT | |
| Title | Reproduction in the insects. |
| 260 ## - PUBLICATION, DISTRIBUTION, ETC. | |
| Place of publication, distribution, etc. | Edinburgh : |
| Name of publisher, distributor, etc. | Oliver & Boyd, |
| Date of publication, distribution, etc. | [1965] |
| 440 #0 - SERIES STATEMENT/ADDED ENTRY--TITLE | |
| Title | University reviews in biology ; |
| Volume/sequential designation | 5 |
| Linkage | S3331.1 |
| 504 ## - BIBLIOGRAPHY, ETC. NOTE | |
| Bibliography, etc. note | Bibliography: p. 86-94. |
| 650 #0 - SUBJECT ADDED ENTRY--TOPICAL TERM | |
| Topical term or geographic name entry element | Insects. |
| Linkage | S8668.1 |
| 650 #0 - SUBJECT ADDED ENTRY--TOPICAL TERM | |
| Topical term or geographic name entry element | Reproduction. |
| Linkage | S202.1 |
| 949 ## - LOCAL PROCESSING INFORMATION (OCLC) | |
| a | QL495 |
| w | lcc |
| i | 33729000221114 |
| m | MAIN |
| p | 2500 |
| t | BOOK |
| l | ON-SHELF |
| 949 ## - LOCAL PROCESSING INFORMATION (OCLC) | |
| a | QL495 |
| w | lcc |
| i | 33729000221171 |
| m | MAIN |
| p | 2500 |
| t | BOOK |
| l | ON-SHELF |
| 949 ## - LOCAL PROCESSING INFORMATION (OCLC) | |
| a | QL495 |
| w | lcc |
| i | 33729000221445 |
| m | MAIN |
| p | 2500 |
| t | BOOK |
| l | ON-SHELF |
| 949 ## - LOCAL PROCESSING INFORMATION (OCLC) | |
| a | QL495 |
| w | lcc |
| i | 33729000221502 |
| m | MAIN |
| p | 2500 |
| t | BOOK |
| l | ON-SHELF |
| 949 ## - LOCAL PROCESSING INFORMATION (OCLC) | |
| a | QL495 |
| w | lcc |
| i | 33729000221569 |
| m | MAIN |
| p | 2500 |
| t | BOOK |
| l | ON-SHELF |
No items available.